[Event "Asia-ch U20 Girls"]
[Site "Jamshedpur"]
[Date "2023.09.12"]
[Round "6"]
[White "Pournami, S."]
[Black "Khairmode, Dhanashree"]
[Result "0-1"]
[WhiteElo "1519"]
[BlackElo "1616"]
[PlyCount "96"]
[EventDate "2023.09.09"]
[EventType "swiss"]
[EventRounds "9"]
[EventCountry "IND"]
[SourceTitle "EXT 2024"]
[Source "ChessBase"]
[SourceDate "2023.10.10"]
[SourceVersion "1"]
[SourceVersionDate "2023.10.10"]
[SourceQuality "1"]

1. e4 c5 2. Nf3 d6 3. d4 cxd4 4. Nxd4 Nf6 5. Nc3 a6 6. Bg5 Nc6 7. Qd2 Qb6 8. 0-0-0 e6 9. f4 h6 10. Bh4 Nxd4 11. Qxd4 Qxd4 12. Rxd4 Nd7 13. Be2 b6 14. Rhd1 Bb7 15. f5 Ne5 16. Bg3 Be7 17. fxe6 fxe6 18. Bxe5 dxe5 19. Rd7 Rb8 20. Bh5+ Kf8 21. Bg4 h5 22. Bxe6 Rh6 23. Bb3 h4 24. Bd5 Bc8 25. Rc7 Rg6 26. Rf1+ Bf6 27. Rf2 Rg4 28. Ne2 Ke8 29. Rxc8+ Rxc8 30. Be6 Bg5+ 31. Kb1 Rd8 32. a3 Rxe4 33. Nc3 Re1+ 34. Ka2 Bf4 35. h3 Rd2 36. Rf3 Rxc2 37. Nd5 Ree2 38. Rb3 Bc1 39. Rxb6 Rxb2+ 40. Rxb2 Rxb2+ 41. Ka1 Rxg2 42. a4 e4 43. Kb1 Bg5 44. Bg4 e3 45. Nc3 Rxg4 46. hxg4 h3 47. Ne2 h2 48. Ng3 e2 0-1

[Event "Asia-ch U20 Girls"]
[Site "Jamshedpur"]
[Date "2023.09.09"]
[Round "1"]
[White "Jyothsna, L."]
[Black "Pournami, S."]
[Result "1/2-1/2"]
[WhiteElo "1940"]
[BlackElo "1519"]
[PlyCount "76"]
[EventDate "2023.09.09"]
[EventType "swiss"]
[EventRounds "9"]
[EventCountry "IND"]
[SourceTitle "EXT 2024"]
[Source "ChessBase"]
[SourceDate "2023.10.10"]
[SourceVersion "1"]
[SourceVersionDate "2023.10.10"]
[SourceQuality "1"]

1. Nf3 Nf6 2. b4 e6 3. a3 d5 4. Bb2 Be7 5. e3 0-0 6. c4 b6 7. Nc3 Bb7 8. Be2 c5 9. bxc5 bxc5 10. cxd5 exd5 11. d4 Nbd7 12. 0-0 Rb8 13. Qa4 a6 14. Rfd1 Qc7 15. Rab1 Bc6 16. Qc2 Rb6 17. dxc5 Nxc5 18. Nd4 Bd7 19. Bf3 Be6 20. Na4 Rb7 21. Nxe6 fxe6 22. Bxf6 Nxa4 23. Qxa4 Rxf6 24. Qxa6 Ra7 25. Qb6 Qxb6 26. Rxb6 Rxa3 27. Rc1 h6 28. h3 Kh7 29. e4 Ra5 30. e5 Rg6 31. Rcc6 Bd8 32. Rb8 Ra1+ 33. Kh2 Bg5 34. Rcc8 Bf4+ 35. g3 Bxg3+ 36. fxg3 Ra2+ 37. Bg2 Rg5 38. Ra8 Rd2 1/2-1/2

[Event "IND-ch U20 Girls 50th"]
[Site "Gurugram"]
[Date "2022.03.09"]
[Round "2"]
[White "Lakshmi, Chidambaram"]
[Black "Pournami, S."]
[Result "1-0"]
[WhiteElo "1968"]
[BlackElo "1390"]
[PlyCount "59"]
[EventDate "2022.03.09"]
[EventType "swiss"]
[EventRounds "9"]
[EventCountry "IND"]
[SourceTitle "EXT 2023"]
[Source "ChessBase"]
[SourceDate "2022.10.05"]
[SourceVersion "1"]
[SourceVersionDate "2022.10.05"]
[SourceQuality "1"]

1. e4 c5 2. Nf3 e6 3. d4 cxd4 4. Nxd4 Nc6 5. Nc3 Nf6 6. Ndb5 d6 7. Bf4 e5 8. Bg5 a6 9. Na3 Be7 10. Bxf6 Bxf6 11. Nc4 Nd4 12. Nd5 b5 13. Ncb6 Rb8 14. Nxc8 Rxc8 15. c3 Nc6 16. a4 0-0 17. axb5 axb5 18. Bxb5 Bg5 19. h4 Bh6 20. Ra6 Nb8 21. Ra7 Kh8 22. Qa4 g6 23. g3 g5 24. Ne7 Rc7 25. Rxc7 Qxc7 26. Nf5 Bg7 27. hxg5 Rd8 28. Qd1 f6 29. Qh5 Bf8 30. g6 1-0

[Event "IND-ch U16 Girls"]
[Site "New Delhi"]
[Date "2022.03.08"]
[Round "9"]
[White "Pournami, S."]
[Black "Sachi, Jain"]
[Result "0-1"]
[WhiteElo "1390"]
[BlackElo "1401"]
[PlyCount "124"]
[EventDate "2022.03.04"]
[EventType "swiss"]
[EventRounds "9"]
[EventCountry "IND"]
[SourceTitle "CBM 207 Extra"]
[Source "ChessBase"]
[SourceDate "2022.05.31"]
[SourceVersion "1"]
[SourceVersionDate "2022.05.31"]
[SourceQuality "1"]

1. e4 e5 2. Nf3 Nc6 3. d4 exd4 4. Bc4 Bc5 5. Ng5 Nh6 6. Nxf7 Nxf7 7. Bxf7+ Kxf7 8. Qh5+ g6 9. Qxc5 d5 10. Qxd5+ Qxd5 11. exd5 Nb4 12. Na3 Bf5 13. Bf4 Rhe8+ 14. Kd2 Nxd5 15. Bg3 a6 16. Nc4 Re6 17. Ne5+ Kg7 18. Nd3 Kf7 19. Nf4 Nxf4 20. Bxf4 c5 21. f3 h5 22. Rhe1 Rb6 23. b3 Rc6 24. Re5 Rd8 25. Rae1 Rd7 26. Re8 c4 27. Rh8 cxb3 28. cxb3 Rc2+ 29. Kd1 Rxg2 30. Ree8 Re7 31. Rxe7+ Kxe7 32. Rh7+ Kf6 33. Rxb7 Rxa2 34. Rb6+ Be6 35. Bd2 Kf5 36. h4 Bd5 37. f4 Be4 38. Rb4 d3 39. Rd4 Bf3+ 40. Ke1 Be2 41. Be3 Kg4 42. Rb4 Kf3 43. Bc1 d2+ 44. Bxd2 Ra1+ 45. Bc1 Rxc1+ 46. Kd2 Rd1+ 47. Kc2 Rd6 48. Kb2 Rf6 49. Ka3 Rxf4 50. Rb6 Bd3 51. Rd6 Ke3 52. Re6+ Re4 53. Rxg6 Ra4+ 54. Kxa4 Bxg6 55. Ka5 Bd3 56. Kb4 Kf4 57. Kc3 Bb5 58. Kd4 Kg4 59. Ke3 Kxh4 60. Kf2 a5 61. Kg2 Bd3 62. Kh2 Bc2 0-1

[Event "Eastern Asia-ch U12 Girls"]
[Site "Tornelo INT"]
[Date "2021.10.23"]
[Round "5"]
[White "Pournami, S."]
[Black "Imani, Adrina"]
[Result "1-0"]
[WhiteElo "1155"]
[BlackElo "1404"]
[PlyCount "127"]
[EventDate "2021.10.22"]
[EventType "swiss"]
[EventRounds "9"]
[EventCountry "NET"]
[SourceTitle "EXT 2023"]
[Source "ChessBase"]
[SourceDate "2022.10.05"]
[SourceVersion "1"]
[SourceVersionDate "2022.10.05"]
[SourceQuality "1"]

1. e4 c5 2. Nf3 Nc6 3. d4 cxd4 4. Nxd4 g6 5. Nxc6 bxc6 6. Qd4 Nf6 7. Bc4 Bg7 8. e5 Nd5 9. Bxd5 cxd5 10. Qxd5 Rb8 11. 0-0 Bb7 12. Qd4 0-0 13. f4 d6 14. Be3 Qc7 15. Qxa7 Qxc2 16. Nd2 dxe5 17. Rac1 Qd3 18. Qa3 Qd5 19. Nf3 exf4 20. Bxf4 e5 21. Rc5 Qe4 22. Bxe5 Ra8 23. Qc3 Rfc8 24. Bxg7 Rxc5 25. Qxc5 Kxg7 26. a3 Re8 27. Re1 Rc8 28. Qxc8 Qxe1+ 29. Nxe1 Bxc8 30. Kf2 Kf6 31. Ke3 Ke5 32. Nf3+ Kd5 33. Ng5 Kc4 34. Kd2 Kb3 35. Kc1 f5 36. Nxh7 Bb7 37. g3 Bg2 38. Nf8 g5 39. Ne6 g4 40. Nd4+ Kc4 41. Nxf5 Kb3 42. Nd4+ Kc4 43. Nc2 Kb3 44. Ne3 Bf3 45. Nf1 Kc4 46. Nd2+ Kd3 47. h4 gxh3 48. Nxf3 Ke3 49. Nh2 Kf2 50. g4 Kg2 51. g5 Kxh2 52. g6 Kg2 53. g7 h2 54. g8Q+ Kf1 55. Qf7+ Ke1 56. Qe6+ Kf1 57. Qh3+ Ke1 58. Qxh2 Kf1 59. a4 Ke1 60. a5 Kf1 61. Kc2 Ke1 62. Kd3 Kf1 63. Ke3 Ke1 64. Qh1# 1-0

[Event "Commonwealth-ch U10 Girls"]
[Site "New Delhi"]
[Date "2019.07.04"]
[Round "4.2"]
[White "Panchal, Hiya"]
[Black "Pournami, S."]
[Result "0-1"]
[WhiteElo "1295"]
[BlackElo "1314"]
[PlyCount "86"]
[EventDate "2019.07.01"]
[EventType "swiss"]
[EventRounds "7"]
[EventCountry "IND"]
[SourceTitle "EXT 2024"]
[Source "ChessBase"]
[SourceDate "2023.10.10"]
[SourceVersion "1"]
[SourceVersionDate "2023.10.10"]
[SourceQuality "1"]

1. e4 c5 2. Nf3 d6 3. d4 cxd4 4. Nxd4 Nf6 5. Nc3 g6 6. g3 Bg7 7. Bg2 0-0 8. 0-0 Nc6 9. Nxc6 bxc6 10. h3 Bb7 11. Be3 Qc7 12. Qd2 Rad8 13. Rad1 d5 14. exd5 Nxd5 15. Nxd5 cxd5 16. c3 e5 17. Rc1 f5 18. Qe2 f4 19. Bd2 Qb6 20. b3 Ba6 21. c4 fxg3 22. Be1 d4 23. Qg4 gxf2+ 24. Bxf2 Rf4 25. Qg3 Rdf8 26. Rc2 e4 27. Rd1 e3 28. Be1 R8f5 29. Qh2 e2 30. Rxe2 d3+ 31. Rf2 Rxf2 32. Bxf2 Qxf2+ 33. Kh1 d2 34. Qb8+ Rf8 35. Qd6 Qe1+ 36. Kh2 Be5+ 37. Qxe5 Qxe5+ 38. Kg1 Qe1+ 39. Rxe1 dxe1Q+ 40. Kh2 Rf2 41. c5 Qe5+ 42. Kg1 Qg3 43. c6 Qxg2# 0-1